Zbigniew Światłowski, Lese- und Lebenserfahrungen mit der deutschsprachigen Literatur 1890 - 1945 [Rezension]
| Titel: | Zbigniew Światłowski, Lese- und Lebenserfahrungen mit der deutschsprachigen Literatur 1890 - 1945 [Rezension] / Kristof Lipiński |
|---|---|
| Verfasser: | |
| In: |
Convivium, (2003), Seite 375/378 alle Artikel anzeigen |
| Veröffentlicht: | 2004 |
| Format: | Aufsatz |
| Sprache: | Deutsch |
X
alg: 12359590 001A $04504:10-09-04 001B $01999:23-07-19 $t17:37:23.000 001C $04504:01-04-08 $t11:32:28.000 001D $04504:10-09-04 001U $0utf8 001X $00 002@ $0Aou 003@ $0123595908 007A $0123595908 $aHEB 010@ $ager 011@ $a2004 021A $aZbigniew Światłowski, Lese- und Lebenserfahrungen mit der deutschsprachigen Literatur 1890 - 1945 [Rezension] $hKristof Lipiński 028A $#Lipiński, Kristof $7115488049 $8Lipiński, Krzysztof$Z1957-2013 [Tp2] $9149685688 031A $h375/378 $j2003 039B $aIn $8--Abvc--. Convivium. - Łódź : Verlag der Universität Lodz, 1994-. - ISSN 2196-8403 $x200300000000000625 $9048657417 039T $8--Aau--Światłowski, Zbigniew [Tnd]. Lese- und Lebenserfahrungen mit der deutschsprachigen Literatur 1890 - 1945. - Wyd. 1. - Rzeszów : Wydawn. Uniwersytetu Rzeszowskiego, 2001. - 637 S.. - Ill.. - ISBN 83-7338-050-7 $9109623002 045T $a7,20 $a7,20 045T $aAVL $qDE-30 $2FID 045T $aGER $qDE-30 $2FID 045V $816.04.00$jStudien [Tkx] $9118845691 045V $817.04.00$jStudien [Tkx] $9118845861 lok: 12359590 62 exp: 12359590 62 1 #EPN 201B/01 $010-09-04 $t20:34:18.000 203@/01 $0219238030 208@/01 $a10-09-04 $be 209A/01 $a/ $f000 $x00 209B/01 $a2004 $x05 247C/01 $8Frankfurt, Bibliographie der Deutschen Sprach- und Literaturwissenschaft $9113214561 201U/01 $0utf8 lok: 12359590 78 exp: 12359590 78 1 #EPN 201B/01 $013-01-20 $t15:12:06.000 201C/01 $013-01-20 201U/01 $0utf8 203@/01 $01075325137 208@/01 $a13-01-20 $be 209A/01 $a/ $f000 $x00 209A/01 $ab*p $x01 220C/01 $apgar 244Z/01 $#Schlesien $#Schlesien $#Herzogtum Schlesien $#Herzogtum Schlesien Schlesien $#Provinz Schlesien $#Śla̜sk $#Slezsko $#Silesia $74052678-1 $8--Tg1--Schlesien $x01 $9085146781 247C/01 $82080>Marburg/Lahn, Herder-Institut, Forschungsbibliothek, Bibliographieportal $9336309341
| LEADER | 00000caa a2200000 c 4500 | ||
|---|---|---|---|
| 001 | 123595908 | ||
| 003 | DE-603 | ||
| 005 | 20190723173723.0 | ||
| 007 | tu | ||
| 008 | 040910s2004 xx |||| | u00||u|ger c | ||
| 035 | |a (DE-599)HEB123595908 | ||
| 040 | |a DE-603 |b ger |c DE-603 |d DE-603 | ||
| 041 | |a ger | ||
| 084 | |a 7,20 |a 7,20 |2 ssgn | ||
| 084 | |a AVL |q DE-30 |2 fid | ||
| 084 | |a GER |q DE-30 |2 fid | ||
| 100 | 1 | |a Lipiński, Krzysztof |d 1957-2013 |0 (DE-603)149685688 |0 (DE-588)115488049 |2 gnd | |
| 245 | 0 | 0 | |a Zbigniew Światłowski, Lese- und Lebenserfahrungen mit der deutschsprachigen Literatur 1890 - 1945 [Rezension] |c Kristof Lipiński |
| 264 | 0 | |c 2004 | |
| 773 | 0 | 8 | |i In |t Convivium |d Łódź : Verlag der Universität Lodz, 1994- |x 2196-8403 |g (2003), Seite 375/378 |w (DE-603)048657417 |w (DE-600)1221798-0 |
| 787 | 0 | 8 | |i Rezension von |a Światłowski, Zbigniew |t Lese- und Lebenserfahrungen mit der deutschsprachigen Literatur 1890 - 1945 |b Wyd. 1 |d Rzeszów : Wydawn. Uniwersytetu Rzeszowskiego, 2001 |h 637 S., Ill. |z 8373380507 |w (DE-603)109623002 |
| 924 | 0 | |9 603 |a (DE-603)219238030 |b DE-603 |c HES |d d | |
| 924 | 0 | |9 2080 |a (DE-603)1075325137 |b DE-2080 |c HES |d d |g / | |


